Benediktini : barokní nástěnná malba v českých zemích /

Hlavní autor: Mádl, Martin, 1967-
Další autoři: Heisslerová, Radka, 1980-, Šeferisová Loudová, Michaela, 1975-, Vácha, Štěpán, 1976-
Jazyk: Němčina
Latina
Čeština
Vydáno: Praha : Academia, 2016
Vydání: Vydání první
Témata:
Externí odkaz: Digitalizovaný dokument
Fyzický popis: 2 svazky (1063 stran) : ilustrace (převážně barevné), portréty, plány, faksimile ; 31 cm
Odebírané svazky: 1-2
Language note: Částečně německý a latinský text, částečně se souběžným českým překladem, anglické resumé
Knihy
Uloženo v:
LEADER 03300nam a2200709 ia4500
001 nkc20162795829
003 CZ PrNK
005 20191217235018.0
007 ta
008 160916s2016 xr acehf c 001 0dcze
015 |a cnb002795829 
020 |a 978-80-200-2621-7  |q (vázáno) 
035 |a (OCoLC)975029470 
040 |a ABA001  |b cze  |d BOA001  |e rda 
041 1 |a cze  |a ger  |a lat  |b eng  |h ger  |h lat 
043 |a e-xr--- 
045 |a u-v- 
072 7 |a 75  |x Malířství  |2 Konspekt  |9 21 
080 |a 75.052  |2 MRF 
080 |a 75.034.7  |2 MRF 
080 |a 72/76:2  |2 MRF 
080 |a 27-789.2  |2 MRF 
080 |a 27-789.2-523.6-788-1/-9  |2 MRF 
080 |a (437.3)  |2 MRF 
080 |a (048.8:082)  |2 MRF 
100 1 |a Mádl, Martin,  |d 1967-  |7 js20011212179  |4 aut 
245 1 0 |a Benediktini :  |b barokní nástěnná malba v českých zemích /  |c Martin Mádl, Radka Heisslerová, Michaela Šeferisová Loudová, Štěpán Vácha a kol. 
246 3 0 |a Barokní nástěnná malba v českých zemích 
250 |a Vydání první 
264 1 |a Praha :  |b Academia,  |c 2016 
300 |a 2 svazky (1063 stran) :  |b ilustrace (převážně barevné), portréty, plány, faksimile ;  |c 31 cm 
336 |a text  |b txt  |2 rdacontent 
336 |a statický obraz  |b sti  |2 rdacontent 
337 |a bez média  |b n  |2 rdamedia 
338 |a svazek  |b nc  |2 rdacarrier 
504 |a Obsahuje bibliografie, bibliografické odkazy a rejstřík 
546 |a Částečně německý a latinský text, částečně se souběžným českým překladem, anglické resumé 
648 7 |a 17.-18. století  |7 ch757024  |2 czenas 
650 0 7 |a nástěnná malba  |7 ph115508  |z Česko  |y 17.-18. století  |2 czenas 
650 0 7 |a barokní malířství  |7 ph118762  |z Česko  |2 czenas 
650 0 7 |a umění a náboženství  |7 ph158326  |z Česko  |y 17.-18. století  |2 czenas 
650 0 7 |a benediktini  |7 ph114135  |z Česko  |y 17.-18. století  |2 czenas 
650 0 7 |a benediktinské kláštery  |7 ph118806  |z Česko  |2 czenas 
650 0 9 |a mural painting  |z Czechia  |y 17th-18th centuries  |2 eczenas 
650 0 9 |a baroque painting  |z Czechia  |2 eczenas 
650 0 9 |a art and religion  |z Czechia  |y 17th-18th centuries  |2 eczenas 
650 0 9 |a Benedictines  |z Czechia  |y 17th-18th centuries  |2 eczenas 
650 0 9 |a Benedictine monasteries  |z Czechia  |2 eczenas 
655 7 |a kolektivní monografie  |7 fd501537  |2 czenas 
655 9 |a collective monographs  |2 eczenas 
700 1 |a Heisslerová, Radka,  |d 1980-  |7 mzk2009517594  |4 aut 
700 1 |a Šeferisová Loudová, Michaela,  |d 1975-  |7 mzk2008434111  |4 aut 
700 1 |a Vácha, Štěpán,  |d 1976-  |7 xx0109028  |4 aut 
856 4 1 |u http://www.digitalniknihovna.cz/mzk/uuid/uuid:26808d30-1b3f-11ea-81d8-5ef3fc9bb22f  |y Digitalizovaný dokument  |x NDK 
910 2 |a BOA001  |b 4-1380.935  |s 1-2 
990 |a BK 
995 |a 01 
991 |b 201702  |c NOV 
996 6 |b 2610695665  |c 4-1380.935  |d 1. díl  |v 1  |l MZK  |r Sklad / do 1 hodiny  |n 4  |p p.v.  |w 001597489  |u 000010  |a 1  |e BOA001  |j MZK50  |s P 
996 6 |b 2610695666  |c 4-1380.935  |d 2. díl  |v 2  |l MZK  |r Sklad / do 1 hodiny  |n 4  |p p.v.  |w 001597489  |u 000020  |a 1  |e BOA001  |j MZK50  |s P 
996 6 |b 2610697412  |c 4-1380.935  |d 1. díl  |v 1  |l MZK  |r HSS 4p  |n 0  |p kup  |h 27-78 MÁD  |w 001597489  |u 000030  |a 0  |e BOA001  |j MZK50  |s P 
996 6 |b 2610697413  |c 4-1380.935  |d 2. díl  |v 2  |l MZK  |r HSS 4p  |n 0  |p kup  |h 27-78 MÁD  |w 001597489  |u 000040  |a 0  |e BOA001  |j MZK50  |s P